000 01025nam a2200265 i 4500
001 8630
003 ES-MaACL
005 20250629081451.0
007 t|
008 920817s1991 sp ||||1| spa d
020 _a8460402886
080 _a86-14"19"
080 _a86(Mañas Rincón,J.7 P.01)
100 0 _aMañas Rincón, Jacinto,
_d1933-
_976260
_eaut
245 1 0 _aPoemas desolados
_b: episodio segundo /
_cJacinto Mañas Rincón.
260 _aMadrid :
_b[s.n.],
_c1991.
300 _a47 páginas ;
_c21 cm.
655 7 _2tgfbne
_9176539
_aPoesías
852 _aES-MaACL
_j2145-F-19
_bR.119802
_98881
_cDEPOF
852 _aES-MaACL
_jBUE-1483
_9203272
_cDEPO2
_gDedicatoria manuscrita del autor, Jacinto Mañas Rincón, para Antonio Buero Vallejo en hoja de guarda: "Desde Montoro. Un saludo de [firma] Montoro, 91".
_hLegado: Antonio Buero Vallejo
903 _932421
_aBuero Vallejo, Antonio,
_q1
_d1916-2000
_ednr
942 _2udc
_cMONOGRAFIA
_n0
999 _c8630
_d8630